00779nam a2200277Ia 4500008004100000020002200041050000900063050001600072245003900088245003600127260002800163260001300191260000900204300001500213300002700228300001100255440001100266500005300277650003600330650001600366650001600382650002900398650001900427700003400446700002100480170203s9999 xx 000 0 und d a0 753405660 (set) a0 30 bGs875f 2000 4aThe Grolier science encyclopedia / cgeneral editor, Charles Taylor. aDanbury, Connecticut :  bGrolier. c2003 avolumes :  bcolor illustrations ;  c28 cm. vvol. 7 aOriginally published: London : Kingfisher, 2000. aEncyclopedias and dictionaries. aScience --  aScience --  xEncyclopedias, Juvenile. xEncyclopedias. aForces and movement, Content. aTaylor, Charles.